| 000 | 00430nam a22001577a 4500 | ||
|---|---|---|---|
| 005 | 20250117104049.0 | ||
| 008 | 250117b |||||||| |||| 00| 0 eng d | ||
| 020 | _a978-0-07-139134-4 | ||
| 050 | _aHD30.3 .S77 2003 | ||
| 100 | _aSTREIBEL, BARBARA J. | ||
| 245 | _aMANAGERR'S GUIDE TO EFFECTIVE TEAM MANAGEMENTS | ||
| 260 |
_aNEW YORK _bMCGRAW-HILL _c2003 |
||
| 300 | _aIX, P187 | ||
| 500 | _aINCLUDES INDEX | ||
| 942 |
_2lcc _cBK |
||
| 999 |
_c214457 _d214457 |
||